000
00319nam a22001337a 4500
008
210519b ||||| |||| 00| 0 eng d
041
_a
eng
080
_a
94
082
_a
94
100
_a
16
101
_a
SHH
245
_a
Interracialism and Christian Community in the Postwar South
_c
K'Meyer,T.E
942
_2
udc
_c
BK
999
_c
57465
_d
57465